000 00422nam a2200157Ia 4500
003 GCL
008 140319s9999 xx 000 0 eng d
040 _aGCL /
_cGCL
082 0 4 _a512.9
_bS C
100 1 _aSULLIVAN, MICHAEL
245 1 0 _aCOLLEGE ALGEBRA WITH REVIEW, 2ND ED /
_cSULLIVAN, MICHAEL
260 _a[S.N] :
_bMACMILIAN PUBLISHING COMPANY ،
_c1993
300 _a770 P
650 0 4 _aALGEBRA
942 _2ddc
_cBK
999 _c20787
_d20787